General phonetics
Saved in:
| Main Author: | |
|---|---|
| Format: | Book |
| Language: | English |
| Published: |
Madison
The University of Wisconsin Press
1969
|
| Subjects: | |
| Tags: |
Add Tag
No Tags, Be the first to tag this record!
|
MARC
| LEADER | 00000cam a2200000 a 4500 | ||
|---|---|---|---|
| 001 | UCF4071 | ||
| 003 | CL-VaPUC | ||
| 008 | 121115e19690000US |||||||||||||||||eng|d | ||
| 082 | 0 | 4 | |a 414 |b HEF |2 21 |
| 100 | 0 | |a Heffner, Roe-Merrill S |e author |9 565732 | |
| 245 | 1 | 0 | |a General phonetics |
| 300 | |a 252 p | ||
| 942 | |c BK | ||
| 945 | |d 20121115 00:00:00 |a dcastane | ||
| 260 | |a Madison |b The University of Wisconsin Press |c 1969 | ||
| 650 | 0 | |a Fonética |9 308371 | |
| 650 | 0 | |a Lingüística |9 265068 | |
| 583 | |a last modification |c 20121123 09:19:54 |k Rodrigo Vera | ||
| 999 | |c 350067 |d 350065 | ||
| 952 | |0 0 |1 0 |4 0 |6 414_000000000000000_HEF_1969 |7 0 |8 A |9 453046 |a BIBEDU |b BIBEDU |d 2019-11-22 |i 4848284 |o 414 HEF 1969 |p 4848284 |r 2019-11-22 |w 2019-11-22 |y BK |k LIT | ||